| 000 | 01359cam a2200373 a 4500 | ||
|---|---|---|---|
| 001 | 15529435 | ||
| 003 | USPCAS-E | ||
| 005 | 20180118181419.0 | ||
| 008 | 081120s2009 njua b 001 0 eng | ||
| 010 | _a 2008049894 | ||
| 015 |
_aGBA944581 _2bnb |
||
| 016 | 7 |
_a015174961 _2Uk |
|
| 020 | _a9780470116609 (cloth) | ||
| 020 | _a0470116609 (cloth) | ||
| 035 | _a(OCoLC)ocn246887542 | ||
| 040 |
_aDLC _cDLC _dBTCTA _dYDXCP _dC#P _dCDX _dBWX _dVP@ _dUKM _dAGL _dDLC |
||
| 050 | 0 | 0 |
_aTJ163.2 _b.N49 2009 |
| 082 | 0 | 0 |
_a333.79 _222 _bNGO-O 2009 |
| 100 | 1 | _aNgô, Christian. | |
| 245 | 1 | 0 |
_aOur energy future : _bresources, alternatives, and the environment / _cChristian Ngô, Joseph B. Natowitz. |
| 260 |
_aHoboken, N.J. : _bWiley, _cc2009. |
||
| 300 |
_axvii, 484 p. : _bill. ; _c25 cm. |
||
| 490 | 1 | _aWiley survival guides in engineering and science | |
| 502 | _a. | ||
| 504 | _aIncludes bibliographical references and index. | ||
| 650 | 0 |
_aPower resources _xForecasting. |
|
| 650 | 0 | _aRenewable energy sources. | |
| 650 | 0 |
_aEnergy development _xEnvironmental aspects. |
|
| 700 | 1 | _aNatowitz, J. B. | |
| 830 | 0 | _aWiley survival guides in engineering and science. | |
| 906 |
_a7 _bcbc _corignew _d1 _eecip _f20 _gy-gencatlg |
||
| 942 |
_2ddc _cBK |
||
| 999 |
_c355948 _d355948 |
||